| 000 | 00546nam a2200229 a 4500 | ||
|---|---|---|---|
| 001 | nice12345678 | ||
| 003 | IN_TiNIC | ||
| 005 | 20260116012237.0 | ||
| 008 | 050524s1980 lona grp 000 0 eng | ||
| 020 |
_a0304758 _c588.3 |
||
| 082 | 0 | 0 |
_a956 _bMIL |
| 100 | _aMilton, Joyce | ||
| 245 | _aReligion at the Crossroads | ||
| 260 |
_aLondon _bCassel _c1980 |
||
| 300 | _a168p | ||
| 500 | _aincludes index and biblioraphy | ||
| 505 | 2 | _aIllus., Index | |
| 650 | _aTurkey-History | ||
| 902 | _bSRS | ||
| 942 | _cBK | ||
| 999 |
_c6219 _d6219 |
||